| 000 | 00366nam a22001457a 4500 | ||
|---|---|---|---|
| 008 | 230504b |||||||| |||| 00| 0 eng d | ||
| 020 | _a978-81-317-3091-1 | ||
| 100 | _aW. J. Keegan & N. K. Bhargava | ||
| 245 | _aGlobal Marketing Management | ||
| 250 | _a15th Ed. | ||
| 260 |
_aDelhi _bPearson Pub _c2013 |
||
| 300 | _a670 | ||
| 546 | _aEnglish | ||
| 942 |
_2ddc _cBK |
||
| 999 |
_c20001 _d20001 |
||